Human behavior: biological, psychological, and sociological /

Bibliographic Details
Main Author: Freedman, Alfred M.
Other Authors: Kaplan, Harold I., 1927-1998
Format: Book
Language:English
Published: New York : Atheneum, 1972
Edition:[1st ed.].
Series:Studies in human behavior.
Subjects:

MARC

Tag First Indicator Second Indicator Subfields
LEADER 00000cam a2200000 4500
001 in00000296019
005 20151010081149.0
008 720504c19721971nyua b 00110 eng
010 |a  75178073  
035 |a (OCoLC)00320568 
035 |9 ABF6589AM 
037 |c $12.95 
040 |a DLC  |c DLC  |d TXA  |d UtOrBLW 
049 |a TXAM  |c [719823] 
050 0 0 |a RC458  |b .F74 1972 
082 0 |a 616.8/9 
100 1 |a Freedman, Alfred M. 
245 1 0 |a Human behavior: biological, psychological, and sociological /  |c Alfred M. Freedman and Harold I. Kaplan, editors. 
250 |a [1st ed.]. 
264 1 |a New York :  |b Atheneum,  |c 1972 
264 4 |c [©1971] 
300 |a xv, 541 pages :  |b illustrations ;  |c 22 cm. 
336 |a text  |b txt  |2 rdacontent 
337 |a unmediated  |b n  |2 rdamedia 
338 |a volume  |b nc  |2 rdacarrier 
490 1 |a Studies in human behavior 
500 |a "Based on the first edition of the Comprehensive textbook of psychiatry." 
504 |a Includes bibliographies. 
650 0 |a Psychiatry. 
650 0 |a Psychophysiology. 
700 1 |a Kaplan, Harold I.,  |d 1927-1998. 
830 0 |a Studies in human behavior. 
999 |a MARS 
999 f f |s 50ce4e83-a8af-3e14-8977-278bdb21464e  |i 7640cc70-0f94-352c-8b90-1809d3d5a4a7  |t 0 
952 f f |p ric  |a Texas A&M University  |b Rellis Campus  |c Joint Library Facility  |d Remote Storage  |t 0  |e RC458 .F74 1972  |h Library of Congress classification  |i unmediated -- volume  |m A14805107139 
998 f f |a RC458 .F74 1972  |t 0  |l Remote Storage